Statystyki dla Najpopularniejsze stacje paliwowe w Polsce

Kliknij tutaj aby rozwiązać quiz!

Ogólne statystyki

  • Ten quiz został rozwiązany 135 razy
  • Średni wynik to 4 z 6

Statystyki odpowiedzi

L.p.Liczba obiektówNazwa stacji% Poprawnych
11920PKN Orlen
99%
2573BP
89%
4453Shell
81%
6383CircleK
55%
5401Moya
53%
3497MOL
17%

Rozkład punktacji

Percentyl według liczby udzielonych odpowiedzi

Procent ludzi z każdym wynikiem

Twoja historia wyników

Nie rozwiązałeś tego quizu